Central Library OPAC University of Rajshahi

New studies in Berkeley's philosophy / (Record no. 31657)

MARC details
000 -LEADER
fixed length control field 00743nam a2200241 a 4500
001 - CONTROL NUMBER
control field 31657
003 - CONTROL NUMBER IDENTIFIER
rucl marc code BD-RjUL
005 - DATE AND TIME OF LATEST TRANSACTION
control field 20211209051730.0
008 - FIXED-LENGTH DATA ELEMENTS--GENERAL INFORMATION
fixed length control field 140421s1966 e 001 0 eng d
035 ## - SYSTEM CONTROL NUMBER
System control number CURL 030000013312(Gla) from pdc320
System control number (BD-RjUL) 31745
040 ## - CATALOGING SOURCE
Original cataloging agency BD-RjUL
Language of cataloging eng
Transcribing agency BD-RjUL
Modifying agency BD-RjUL
041 ## - LANGUAGE CODE
Language code of text/sound track or separate title eng
082 ## - DEWEY DECIMAL CLASSIFICATION NUMBER
Classification number 200.1
Author mark and year NEW 1966
245 00 - TITLE STATEMENT
Title New studies in Berkeley's philosophy /
Statement of responsibility, etc. Edited by Warren E. Steinkraus.
260 ## - PUBLICATION, DISTRIBUTION, ETC. (IMPRINT)
Place of publication, distribution, etc. New York :
Name of publisher, distributor, etc. Holt, Rinehart & Winston,
Date of publication, distribution, etc. 1966.
300 ## - PHYSICAL DESCRIPTION
Pagination xiv, 199 p ;
Size 23 cm.
504 ## - BIBLIOGRAPHY, ETC. NOTE
Bibliography, etc Includes index.
600 10 - SUBJECT ADDED ENTRY--PERSONAL NAME
Personal name Berkeley, George,
Dates associated with a name 1685-1753.
650 #0 - SUBJECT ADDED ENTRY--TOPICAL TERM
Topical term or geographic name as entry element Religion
General subdivision Philosophy.
9 (RLIN) 4031
700 1# - ADDED ENTRY--PERSONAL NAME
Personal name Steinkraus, Warren E.
942 ## - ADDED ENTRY ELEMENTS (KOHA)
Source of classification or shelving scheme Dewey Decimal Classification
Koha item type Books
Holdings
Lost status Source of classification or shelving scheme Damaged status Not for loan Collection code Permanent Location Current Location Shelving location Date acquired Source of acquisition Cost, normal purchase price Total Checkouts Full call number Date last seen Copy number Koha item type
  Dewey Decimal Classification   Not For Loan Non-fiction Central Library, University of Rajshahi Central Library, University of Rajshahi Reading Room 04/09/1970 Zeitlinger 30.00   200.1 NEW 1966 21/04/2014 C-1 Books